Wort des Jahres in Deutschland (1977-2024) - Statistiken

Allgemein
  • Dieses Quiz wurde 7 mal gespielt
  • Das Durchschnittsergebnis liegt bei 24 aus 48
Antwortstatistiken
Jahr Wort des Jahres % Korrekt
2024 Ampel-Aus
75%
2020 Coronapandemie
75%
2001 Der 11. September
75%
2006 Fanmeile
75%
2013 GroKo
75%
2004 Hartz IV
75%
2018 Heisszeit
75%
2017 Jamaika-Aus
75%
2014 Lichtgrenze
75%
1998 Rot-Grün
75%
2002 Teuro
75%
2021 Wellenbrecher
75%
1987 Aids, Kondom
50%
2003 Das alte Europa
50%
1990 Die neuen Bundesländer
50%
2008 Finanzkrise
50%
2015 Flüchtlinge
50%
1985 Glykol
50%
1983 Heisser Herbst
50%
1979 Holocaust
50%
1978 Konspirative Wohnung
50%
2023 Krisenmodus
50%
1999 Millennium
50%
1995 Multimedia
50%
1981 Nulllösung
50%
2016 Postfaktisch
50%
1997 Reformstau
50%
1989 Reisefreiheit
50%
2019 Respektrente
50%
1993 Sozialabbau
50%
1996 Sparpaket
50%
2011 Stresstest
50%
1977 Szene
50%
1986 Tschernobyl
50%
1984 Umweltauto
50%
2010 Wutbürger
50%
2022 Zeitenwende
50%
2009 (Abwrack­prämie)
25%
1991 (Besser­wessi)
25%
2005 (Bundes­kanzlerin)
25%
1982 (Ellenbogen­gesellschaft)
25%
2007 (Klima­katastrophe)
25%
1980 Raster­fahndung
25%
2012 (Rettungs­routine)
25%
2000 Schwarz­geldaffäre
25%
1994 (Super­­wahljahr)
25%
1988 (Gesund­heitsreform)
0%
1992 (Politik­verdrossen­­heit)
0%
Keine übereinstimmenden Quizze gefunden
Verteilung der Resultate
Anzahl Personen mit jedem Resultat
Perzentil nach korrekt beantworteten Fragen
Ihre Resultats-Entwicklung
Sie haben dieses Quiz noch nicht gespielt